000 00549nam a2200193Ia 4500
003 OSt
005 20250306113821.0
008 210210b1971 xxu||||| |||| 00| 0 eng d
040 _cAL
041 _aKannada
082 _a910.4K RAMG
100 _a RAMARAV (T K)
_dರಾಮರಾವ್ ಟಿ ಕೆ.
_9203849
245 _aGolada melondu suttu.
_bಗೋಳದ ಮೇಲೊಂದು ಸುತ್ತು
260 _aBengaluru
_bHamsadhvani Prakashana
_c1971
300 _a270
690 _aTravel
_9203850
906 _a029772
942 _2ddc
_cBK
999 _c80974
_d80974